| 000 | 00463cam a2200181 a 4500 | ||
|---|---|---|---|
| 020 | _a0070179859 (alk. paper) | ||
| 040 | _cDLC | ||
| 082 | 0 | 0 | _a339 HIL 1998 A108 Or. |
| 100 | 1 | _aDornbusch, Rudiger | |
| 245 | 1 | 0 | _aMacroeconomics |
| 250 | _a7th ed. / | ||
| 260 |
_aBoston : _bMcGraw-Hill/Irwin, _cc1998 |
||
| 300 |
_axix, 550 p. : _bcol. ill. ; _c25 cm |
||
| 650 | 0 | _aMacroeconomics | |
| 700 | 1 | _aFischer, Stanley | |
| 700 | 1 | _aStartz, Richard, | |
| 942 | _cEK | ||
| 999 |
_c16715 _d16715 |
||